000 00358nam a2200157Ia 4500
008 230524s9999 xx 000 0 und d
082 _bHAM
100 _aV.Carl Hamacher
245 0 _aComputer Organisation
250 _a4TH
260 _aSINGAPORE
_bTMH
_c2000
300 _aXIX;555
500 _aQuantity Number: 232
650 _aComp-Sc
942 _cBK
999 _c6152
_d6152